Online
Catalog

Macaulays' Life of Johnson / (Record no. 19374)

MARC details
000 -CABECERA
campo de control de longitud fija 00640cam a2200181u 4500
001 - NÚMERO DE CONTROL
campo de control 000019861
005 - FECHA Y HORA DE LA ÚLTIMA TRANSACCIÓN
campo de control 20200929170152.0
008 - DATOS DE LONGITUD FIJA--INFORMACIÓN GENERAL
campo de control de longitud fija 850624s1923 nyuac 000 0beng
040 ## - FUENTE DE LA CATALOGACIÓN
Centro catalogador/agencia de origen DO-SdBNP
Lengua de catalogación spa
Centro/agencia transcriptor BNPHU
082 ## - NÚMERO DE LA CLASIFICACIÓN DECIMAL DEWEY
Número de clasificación xxx
Número de documento/Ítem M117
100 1# - ENTRADA PRINCIPAL--NOMBRE DE PERSONA
Nombre de persona Macaulay, Thomas Babington Macaulay,
Títulos y otros términos asociados al nombre Baron,
Fechas asociadas al nombre 1800-1859.
9 (RLIN) 42383
245 10 - MENCIÓN DE TÍTULO
Título Macaulays' Life of Johnson /
Mención de responsabilidad, etc. Macaulayʻs ; edited Stewart Lee Garrison.
260 ## - PUBLICACIÓN, DISTRIBUCIÓN, ETC.
Lugar de publicación, distribución, etc. New York :
Nombre del editor, distribuidor, etc. F. M. Ambrose and Company,
Fecha de publicación, distribución, etc. 1923.
300 ## - DESCRIPCIÓN FÍSICA
Extensión 173 p. :
Otras características físicas il. ;
Dimensiones 17 cm.
600 10 - PUNTO DE ACCESO ADICIONAL DE MATERIA--NOMBRE DE PERSONA
Nombre de persona Johnson, Samuel,
Fechas asociadas al nombre 1709-1784.
9 (RLIN) 42384
700 1# - PUNTO DE ACCESO ADICIONAL--NOMBRE DE PERSONA
Nombre de persona Garrison, Stewart Lee,
Término indicativo de función/relación ed.
9 (RLIN) 42385
910 ## - DATOS DE OPCIÓN DEL USUARIO (OCLC)
Datos de opción del usuario Catalogación derivada / LC
Holdings
Estado de retiro Estado de pérdida Restricciones de uso No para préstamo Código de colección Localización permanente Ubicación/localización actual Ubicación en estantería Fecha de adquisición Número de inventario Total de préstamos Signatura topográfica completa Código de barras Fecha visto por última vez Precio válido a partir de Tipo de ítem Koha
      Excluido de préstamo Monografías: Libros y Folletos General General En catalogación 08.07.2010 LF1   xxx M117 19861-10 25.06.2020 25.06.2020 No se presta

Powered by Koha